[Event "Lippe Cup-B 07th"]
[Site "Lieme"]
[Date "2010.10.17"]
[Round "4"]
[White "Abbasov, Amil"]
[Black "Holtmann, Dieter"]
[Result "1-0"]
[WhiteElo "1150"]
[BlackElo "1085"]
[PlyCount "67"]
[EventDate "2010.10.15"]
[EventType "swiss"]
[EventRounds "5"]
[EventCountry "GER"]
[SourceTitle "EXT 2012"]
[Source "ChessBase"]
[SourceDate "2011.11.24"]
[SourceVersion "1"]
[SourceVersionDate "2011.11.24"]
[SourceQuality "1"]

1. e4 e5 2. Nf3 Nc6 3. Bc4 g6 4. 0-0 Bg7 5. d3 d6 6. Be3 h6 7. Nc3 Nf6 8. Qd2 Bg4 9. Qd1 Nd4 10. Bxd4 exd4 11. Nb5 a6 12. Na3 c6 13. h3 Bd7 14. Nxd4 Qb6 15. c3 Qxb2 16. Qb3 Qxb3 17. Bxb3 c5 18. Nf3 g5 19. e5 g4 20. exf6 Bxf6 21. hxg4 Bxg4 22. Nh2 Bxc3 23. Nxg4 Bxa1 24. Rxa1 0-0-0 25. Bxf7 Kc7 26. Re1 Rd7 27. Bd5 b5 28. Nf6 Rdd8 29. Re7+ Kb6 30. Rb7+ Ka5 31. Ra7 Kb6 32. Re7 b4 33. Nc4+ Kb5 34. Rb7+ 1-0

[Event "Lippe Cup-B 07th"]
[Site "Lieme"]
[Date "2010.10.15"]
[Round "1"]
[White "Holtmann, Dieter"]
[Black "Mehsin, Yazan"]
[Result "0-1"]
[WhiteElo "1085"]
[BlackElo "1542"]
[PlyCount "46"]
[EventDate "2010.10.15"]
[EventType "swiss"]
[EventRounds "5"]
[EventCountry "GER"]
[SourceTitle "EXT 2012"]
[Source "ChessBase"]
[SourceDate "2011.11.24"]
[SourceVersion "1"]
[SourceVersionDate "2011.11.24"]
[SourceQuality "1"]

1. e4 e5 2. Nf3 f5 3. Bc4 Nc6 4. c3 fxe4 5. Ng1 d5 6. Bb3 Nf6 7. d3 Bc5 8. h3 0-0 9. Bg5 exd3 10. Qxd3 Be6 11. Qb5 Bxf2+ 12. Kd1 Qd6 13. Nf3 a6 14. Qe2 Bb6 15. Bxf6 Rxf6 16. Nbd2 e4 17. Ng5 e3 18. Ndf3 Kh8 19. Nxe6 Qxe6 20. Bc2 d4 21. Ng5 Qd7 22. Bd3 dxc3 23. bxc3 Rf2 0-1

[Event "Lippe Cup 05th"]
[Site "Lieme"]
[Date "2008.09.28"]
[Round "4"]
[White "Holtmann, Dieter"]
[Black "Scheer, Maximilian"]
[Result "1/2-1/2"]
[WhiteElo "1072"]
[BlackElo "1472"]
[PlyCount "69"]
[EventDate "2008.09.26"]
[EventType "swiss"]
[EventRounds "5"]
[EventCountry "GER"]
[SourceTitle "EXT 2012"]
[Source "ChessBase"]
[SourceDate "2011.11.24"]
[SourceVersion "1"]
[SourceVersionDate "2011.11.24"]
[SourceQuality "1"]

1. e4 c5 2. Bc4 Nc6 3. Nf3 g6 4. c3 Bg7 5. 0-0 d6 6. d3 Bg4 7. h3 Bd7 8. Qb3 Na5 9. Qd1 Nxc4 10. dxc4 Qb6 11. a4 a6 12. a5 Qc7 13. Bf4 Rd8 14. Re1 Bc6 15. Qe2 e5 16. Bg3 Nf6 17. Bh4 Rd7 18. Nbd2 0-0 19. Bxf6 Bxf6 20. b4 cxb4 21. cxb4 Rdd8 22. Rec1 Qd7 23. Rab1 Qe7 24. b5 Bd7 25. bxa6 bxa6 26. Nb3 Ra8 27. c5 Bb5 28. Qd2 dxc5 29. Rxc5 Bg7 30. Rbc1 f6 31. Qd5+ Kh8 32. Rc7 Qe8 33. Nc5 Rc8 34. Ne6 Rxc7 35. Nxc7 1/2-1/2

[Event "Lippe Cup 05th"]
[Site "Lieme"]
[Date "2008.09.27"]
[Round "3"]
[White "Holtmann, Dieter"]
[Black "David, Fabian"]
[Result "1-0"]
[WhiteElo "1072"]
[BlackElo "1031"]
[PlyCount "27"]
[EventDate "2008.09.26"]
[EventType "swiss"]
[EventRounds "5"]
[EventCountry "GER"]
[SourceTitle "EXT 2012"]
[Source "ChessBase"]
[SourceDate "2011.11.24"]
[SourceVersion "1"]
[SourceVersionDate "2011.11.24"]
[SourceQuality "1"]

1. e4 e5 2. Nf3 Nc6 3. Bc4 Nf6 4. d3 Be7 5. c3 0-0 6. 0-0 d6 7. Ng5 h6 8. Nxf7 Rxf7 9. Bxf7+ Kxf7 10. f4 d5 11. fxe5 Nxe5 12. Bf4 Nc6 13. e5 Ng4 14. e6+ 1-0

[Event "Lippe Cup 03rd"]
[Site "Lieme"]
[Date "2006.10.07"]
[Round "3"]
[White "Vogel, Guido"]
[Black "Holtmann, Dieter"]
[Result "0-1"]
[WhiteElo "1121"]
[BlackElo "1013"]
[PlyCount "108"]
[EventDate "2006.10.06"]
[EventType "swiss"]
[EventRounds "5"]
[EventCountry "GER"]
[SourceTitle "EXT 2012"]
[Source "ChessBase"]
[SourceDate "2011.11.24"]
[SourceVersion "1"]
[SourceVersionDate "2011.11.24"]
[SourceQuality "1"]

1. e4 e5 2. Nf3 Nc6 3. d4 Bd6 4. d5 Nb8 5. Nc3 Bb4 6. Bd2 Bxc3 7. Bxc3 d6 8. Be2 Nf6 9. Qd3 Nbd7 10. 0-0 a6 11. Nh4 Nc5 12. Qe3 Nfxe4 13. Nf3 f6 14. Bb4 b6 15. Nh4 0-0 16. Ba3 f5 17. g3 Qf6 18. f4 Qh6 19. b4 Na4 20. Bc1 Nac3 21. Bc4 b5 22. Bb3 Bb7 23. Qd3 Qh5 24. Bb2 Qe2 25. Bxc3 Qxd3 26. cxd3 Nxc3 27. Rac1 Ne2+ 28. Kg2 Nxc1 29. Rxc1 Rac8 30. fxe5 dxe5 31. Rf1 Rcd8 32. Nxf5 Kh8 33. Ne7 Rxf1 34. Kxf1 Re8 35. Nc6 Bxc6 36. dxc6 Rf8+ 37. Ke2 g5 38. Ke3 Kg7 39. Be6 Rf1 40. Ke4 Kf6 41. Bc8 Rf2 42. Bxa6 Rxa2 43. Bxb5 Rb2 44. Kd5 Rxb4 45. Kc5 Rb2 46. Bc4 Rxh2 47. Kb5 Rg2 48. Ka6 Ke7 49. Kb7 Kd6 50. Bg8 h5 51. Bf7 h4 52. gxh4 gxh4 53. Bd5 Rd2 54. Be4 h3 0-1